Normal view
MARC view
- Patil Sanjay
Entry Personal Name
001 - CONTROL NUMBER
- control field: 29863
003 - CONTROL NUMBER IDENTIFIER
- control field: OSt
005 - DATE AND TIME OF LATEST TRANSACTION
- control field: 20220803173551.0
008 - FIXED-LENGTH DATA ELEMENTS
- fixed length control field: 220803|| aca||aabn | a|a d
040 ## - CATALOGING SOURCE
- Original cataloging agency: OSt
- Transcribing agency: OSt
100 ## - HEADING--PERSONAL NAME
- Personal name: Patil Sanjay
670 ## - SOURCE DATA FOUND
- Source citation: Work cat.: (OSt)18710: Patil Sanjay, Nesting In Nature : Sanjay Patil, 2016